Les transformations (modes) dans Naruto - Statistiques

Statistiques générales
  • Ce quiz a été pris 35 fois
  • Le résultat moyen est 4 sur 9
Statistiques - réponses
Description Nom de la transformation % Correct
Naruto le débloque en s'entraînant au Mont Myoboku Mode Ermite des Crapauds
90%
Kabuto l'a maîtrisé en se rendant à la grotte Ryuchi Mode Ermite des Serpents
90%
Tous les hôtes lorsqu'ils se transforment en leurDémon à queue l'utilisent Mode Bijû
52%
Naruto a poussé son utilisation du chakra de Kyubijusqu'à cette forme, considérée comme la forme ultime de son pouvoir Mode Baryon
48%
Naruto et Minato l'utilisent lorsqu'ils sont nimbés d'unmanteau de chakra orange Mode Chakra de Kyubi
38%
Choji a perfectionné cette technique de chakraexclusive au Clan Akimichi Mode Papillon
31%
Naruto a pu le débloquer en utilisant le chakra de l'Ermite Rikudo Mode Ermite Rikudo
21%
Une fois que Naruto a appris le véritable nom de Kyubi, il a eu accès a cette forme plus puissante et stable de son pouvoir Mode Chakra de Kurama
17%
A, le Raikage 4ème du nom, l'utilise pour augmenter sa vitesse et sa défense Mode Chakra Raiton
17%
Aucun quiz correspondant
Distribution des résultats
% des personnes avec chaque résultat
Percentile par nombre de réponses
Votre historique - résultats
Vous n’avez pas pris ce quiz